00853ngm a2200217 a 450000500170000000800410001708200190005811000330007724500810011025000190019130000610021049000560027165000460032765000320037365000460040526400610045133600270051233700330053933800280057204000350060020220317001156.0160825s2002 ck g 000 0 spa 04a637.1476bH63y2 aHogares Juveniles Campesinos10aYogurt y kumis preparacióncHogares Juveniles Campesinoshvideograbación a1a. edición  a1 videocasete en VHS (22 minutos)bsonido,color c20 cm  aVideoteca del campopgranja Integral autosuficiente142LEMBaYogurvVideocasetes xProducción 142LEMBaKumis vVideocasetes 142LEMBaProductos lácteos vVideocasetes  aBogotábFundación Hogares Juveniles Campesinosc2002 atextobtxt2rdacontent asin mediaciónbn2rdamedia avolumenbnc2rdacarrier aCO-BoRNBPbspaerdacCO-BoRNBP